000
002890000a22000970004500
100
1
_a
Yardeni, Ada
245
1
0
_a
Remarks on the priestly blessing on two ancient amulets from Jerusalem
300
_a
Vol. 41, Num. 2 (Abril, 1991), Páginas 176-185
773
0
_t
Vetus Testamentum
942
_c
ANA
999
_c
57655
_d
57655